000 01413nam0a22003371 4500
001 rc\2744035
005 20260406091122.0
035 _a(NLR Aleph) 006871131
090 _a6948501
_c6948501
100 _a20110915d1939 |||y0rusy50 ca
101 0 _arus
102 _aRU
105 _aa z |||||
135 _acrcn 024anaba
200 1 _aПионеру о Военно-Морском Флоте
_fГ. Соловьев
210 _aМосква
_aЛенинград
_cВоенмориздат
_d1939
_eЛенинград
215 _a40 с.
_cил.
_d17 см.
325 1 _aКопия доступна в электронной библиотеке РНБ
700 1 _7ca
_8rus
_aСоловьев
_bГ. А.
_cписатель
_f1893-1952
_gГеннадий Алексеевич
_92653634
_3RU\NLR\AUTH\770281667
801 0 _aRU
_bNLR
_gpsbo
801 1 _aRU
_bELAR
_2rusmarc
852 _aNLR
_j39-9/378
856 0 _uhttp://vivaldi.nlr.ru/bx000021765/view
856 1 _uhttp://vivaldi.nlr.ru/bx000021765/cover
856 2 _uhttp://vivaldi.nlr.ru/bx000021765/text
901 _eКнижные издания
942 _cBOOK
980 _aNB
981 3 3 _a(33) Художественная литература
_b(33) Книги для детей